DNA jako občanský průkaz : lekce z genetiky /

Hlavní autor: Lízal, Pavel, 1973-
Další autoři: Kalinová, Nikola, 1991-
Jazyk: Čeština
Vydáno: Brno : Masarykova univerzita, 2019
Vydání: 1. vydání
Edice: Munice
Témata:
Fyzický popis: 113 stran : barevné ilustrace ; 19 cm
Knihy
Uloženo v:
LEADER 02162cam a2200601 i 4500
001 nkc20193163890
003 CZ PrNK
005 20201201120408.0
007 ta
008 191216s2019 xr a e f 000 0 cze d
015 |a cnb003163890 
020 |a 978-80-210-9381-2  |q (brožováno) 
035 |a (OCoLC)1143828370 
040 |a KLG001  |b cze  |d OLA001  |e rda 
072 7 |a 575  |x Obecná genetika. Obecná cytogenetika. Evoluce  |2 Konspekt  |9 2 
080 |a 612.6.05  |2 MRF 
080 |a 572.1/.4  |2 MRF 
080 |a 577.113.8  |2 MRF 
080 |a 575.113.1  |2 MRF 
080 |a 340.64  |2 MRF 
080 |a 343.982.323/.325  |2 MRF 
080 |a (0.062)  |2 MRF 
100 1 |a Lízal, Pavel,  |d 1973-  |7 ola2011628990  |4 aut 
245 1 0 |a DNA jako občanský průkaz :  |b lekce z genetiky /  |c Pavel Lízal ; ilustrace Nikola Kalinová 
250 |a 1. vydání 
264 1 |a Brno :  |b Masarykova univerzita,  |c 2019 
300 |a 113 stran :  |b barevné ilustrace ;  |c 19 cm 
336 |a text  |b txt  |2 rdacontent 
337 |a bez média  |b n  |2 rdamedia 
338 |a svazek  |b nc  |2 rdacarrier 
490 1 |a Munice ;  |v 4. svazek 
504 |a Obsahuje bibliografii 
650 0 7 |a genetika člověka  |7 ph114611  |2 czenas 
650 0 7 |a antropogeneze  |7 ph118527  |2 czenas 
650 0 7 |a DNA (nukleová kyselina)  |7 ph116977  |2 czenas 
650 0 7 |a genetická informace  |7 ph136815  |2 czenas 
650 0 7 |a identifikace osob  |7 ph114751  |2 czenas 
650 0 9 |a human genetics  |2 eczenas 
650 0 9 |a anthropogenesis  |2 eczenas 
650 0 9 |a deoxyribonucleic acid  |2 eczenas 
650 0 9 |a genetic information  |2 eczenas 
650 0 9 |a identification of persons  |2 eczenas 
655 7 |a populárně-naučné publikace  |7 fd131864  |2 czenas 
655 9 |a popular works  |2 eczenas 
700 1 |a Kalinová, Nikola,  |d 1991-  |7 xx0146839  |4 ill 
830 0 |a Munice  |0 s 
910 2 |a BOA001  |b 1-1442.440 
920 |a 1266870  |z KLG001 
990 |a BK 
995 |a 01 
991 |b 202002  |c NOV 
996 6 |b 2610814277  |c 1-1442.440  |l MZK  |r Sklad / do 1 hodiny  |n 0  |p p.v.  |w 001781247  |u 000010  |a 1  |e BOA001  |j MZK50  |s P 
996 7 |b 2610814278  |c 1-1442.440  |l Vol.výběr  |r VV 0p  |n 9  |p p.v.  |h 575 LÍZ  |w 001781247  |u 000020  |a 0  |e BOA001  |j MZK50  |s A